| 000 -CABECERA |
| fixed length control field |
01036nam a22002417a 4500 |
| 003 - IDENTIFICADOR DEL NÚMERO DE CONTROL |
| control field |
AR-CdUCM |
| 008 - DATOS DE LONGITUD FIJA--INFORMACIÓN GENERAL |
| fixed length control field |
190328b ||||| |||| 00| 0 spa d |
| 040 ## - FUENTE DE LA CATALOGACIÓN |
| Agencia/entidad que catalogó originalmente la obra |
MUNICIPALIDAD PROVINCIAL DEL CUSCO |
| Entidad que transcribió la catalogación |
BIBLIOTECA MUNICIPAL DEL CUSCO |
| 082 ## - NÚMERO DE LA CLASIFICACIÓN DECIMAL DEWEY |
| No. de Clasificación |
335.4 / |
| Notacion interna |
M23 |
| 100 ## - ENTRADA PRINCIPAL--NOMBRE DE PERSONA |
| Nombre Personal |
Mao, Tse-Tung |
| 245 ## - MENCIÓN DE TÍTULO |
| Título |
Obras Escogidas / |
| 260 ## - PUBLICACIÓN, DISTRIBUCIÓN, ETC. |
| Lugar de publicación, distribución, etc. |
Buenos Aires : |
| Nombre de la editorial, distribuidor, etc. |
Platina ; |
| Fecha de publicación, distribución, etc. |
1959. |
| 300 ## - DESCRIPCIÓN FÍSICA |
| Nº de Páginas Extensión |
557 páginas ; |
| Dimensiones |
28cm |
| 440 ## - MENCIÓN DE SERIE/PUNTO DE ACCESO ADICIONAL--TÍTULO |
| Título |
Colección Hechos, Ideas y Ciencia |
| 9 (RLIN) |
25896 |
| 505 ## - NOTA DE CONTENIDO CON FORMATO |
| Nota de contenido formateada |
Contenido: t.1: Analisis de las Clases en la sociedad China -- ¿Por que puede existir el poder politico rojo en China? -- La Lucha en las montañas Chingkang ... t.2: 1938-1945.- Papel del partido comunista chino en la guerra nacional -- El problema de la independencia y la autonomía en el seno del frente unido -- Problemas de guerra y de estrategia... |
| 650 ## - PUNTO DE ACCESO ADICIONAL DE MATERIA--TÉRMINO DE MATERIA |
| Descriptor |
Parido comunista |
| 9 (RLIN) |
25897 |
| 650 ## - PUNTO DE ACCESO ADICIONAL DE MATERIA--TÉRMINO DE MATERIA |
| Descriptor |
China |
| 9 (RLIN) |
843 |
| 650 ## - PUNTO DE ACCESO ADICIONAL DE MATERIA--TÉRMINO DE MATERIA |
| Descriptor |
Comunismo |
| 9 (RLIN) |
495 |
| 700 ## - PUNTO DE ACCESO ADICIONAL--NOMBRE DE PERSONA |
| Nombre Personal |
Mazia, Floreal |
| 9 (RLIN) |
11283 |
| 942 ## - ELEMENTOS DE PUNTO DE ACCESO ADICIONAL (KOHA) |
| Fuente de clasificación |
|
| Tipo de item |
Libros-BMC |
| 945 ## - PROCESAMIENTO DE INFORMACIÓN LOCAL (OCLC) |
| Catalogador |
nom |